| 000 | 00726nam a22002177a 4500 | ||
|---|---|---|---|
| 003 | OSt | ||
| 005 | 20220921153131.0 | ||
| 008 | 220921b |||||||| |||| 00| 0 eng d | ||
| 020 | _a84-95938-00-6 | ||
| 040 | _cBiblioteca Lado V | ||
| 082 |
_a750 _bH872d |
||
| 100 |
_aHoz, Carmensa de la _ecoordinadora |
||
| 245 | _aDamaso a Manrique/ | ||
| 260 |
_aLas Palmas de Gran Canaria _bCirculo de bellas artes _c2003 |
||
| 300 |
_a238p. _c28x29cm |
||
| 650 |
_2Tesauro de Arte & Arquitectura _aPINTURA |
||
| 650 |
_2Tesauro de Arte & Arquitectura _aFOTOGRAFIA |
||
| 650 |
_2Tesauro de Arte & Arquitectura _aARTE |
||
| 650 |
_2Tesauro de Arte & Arquitectura _aESPANA |
||
| 942 |
_2ddc _c1 _h750 _iH872d _n0 |
||
| 999 |
_c2082 _d2082 |
||